| 000 | 01152nam a2200265 i 4500 | ||
|---|---|---|---|
| 001 | 000038514 | ||
| 003 | DO-SdBNP | ||
| 005 | 20230726144320.0 | ||
| 007 | ta | ||
| 008 | 130412s2012 dr acb 000 0 spa d | ||
| 040 |
_aDO-SdBNP _bspa _cBNPHU _erda |
||
| 082 | 4 |
_a338.1098 _bR444f _222 |
|
| 111 | 1 | 0 |
_aFortaleciendo los Sistemas Financieros Rurales frente a los Actuales Desafíos del Desarrollo Agrícola Latinoamericano _d(2012 : _cSanto Domingo) _983814 |
| 245 | 0 | 4 | _aLos sistemas financieros rurales frente a los actuales desafíos del desarrollo agrícola latinoaméricano. |
| 264 |
_aSanto Domingo : _bALIDE , _c2012. |
||
| 300 |
_a242 páginas ; _bIlustraciones, graficas, mapas, retratos y tablas ; _c23 cm. |
||
| 336 |
_2rdacontent _atexto _btxt |
||
| 337 |
_2rdamedia _asin mediación _bn |
||
| 338 |
_2rdacarrier _avolumen _bnc |
||
| 590 | _aInventariado, 2023 /MFF | ||
| 650 | 4 |
_aAgricultura _xAspectos económicos _zAmérica Latina _vCongresos, conferencias, etc. _983815 |
|
| 710 | 2 |
_a Asociación Latinoamericano de Instituciones Financiera para el Desarrollo _983816 |
|
| 910 | _aValidado. Control de calidad MFF | ||
| 942 |
_2ddc _cLBS1 |
||
| 999 |
_c38004 _d38004 |
||